[Event "Asia-ch (Women)"]
[Site "Genting Highlands"]
[Date "1998.??.??"]
[Round "?"]
[White "Koshnitsky, Ngan Phan"]
[Black "Thipsay, Bagyashree Sathe"]
[Result "1-0"]
[WhiteElo "2115"]
[BlackElo "2205"]
[PlyCount "131"]
[EventDate "1998.04.??"]
[Source "www.chesslib.no"]
[SourceDate "2004.05.04"]

1. d4 e6 2. c4 f5 3. g3 Nf6 4. Bg2 Be7 5. Nf3 d6 6. O-O O-O 7. Nc3 Qe8 8. Qc2 Nc6 9. e4 fxe4 10. Nxe4 Qh5 11. Nxf6+ Bxf6 12. Be3 e5 13. dxe5 dxe5 14. Nd2 Nd4 15. Bxd4 exd4 16. Rfe1 Kh8 17. Qa4 c6 18. Qb4 c5 19. Qb5 Rb8 20. Ne4 Be7 21. Qa5 Qf7 22. Qxa7 Be6 23. b3 b5 24. cxb5 Bd5 25. f4 Rxb5 26. Qa6 Rfb8 27. Rad1 h6 28. Bf1 Rb4 29. Qd3 Ra8 30. Re2 c4 31. Qd2 d3 32. Re3 cxb3 33. Bxd3 bxa2 34. Qe1 Rb1 35. Rxb1 axb1=Q 36. Qxb1 Bf6 37. Nxf6 Qxf6 38. Qc2 Qd4 39. Qf2 Ra1+ 40. Bf1 Qa4 41. Re1 Ra2 42. Qe3 Bc6 43. f5 Qa7 44. Qxa7 Rxa7 45. Bc4 Ra5 46. Be6 Bd5 47. Kf2 Bxe6 48. fxe6 Rf5+ 49. Kg2 Rf8 50. Kh3 g6 51. Kg4 Kg7 52. e7 Re8 53. h4 Kf6 54. h5 gxh5+ 55. Kxh5 Kg7 56. g4 Kh7 57. Re5 Kg7 58. Re6 Kf7 59. Rxh6 Kxe7 60. Rh7+ Kf6 61. g5+ Ke6 62. Kh6 Rf8 63. g6 Kf6 64. Kh5 Rg8 65. Rf7+ Ke6 66. Kh6 1-0

[Event "RUS-Cup2"]
[Site "Moscow"]
[Date "1996.??.??"]
[Round "4"]
[White "Yasinsky, V."]
[Black "Lysova, Olga"]
[Result "1-0"]
[WhiteElo "2305"]
[BlackElo "2010"]
[PlyCount "93"]
[EventDate "1996.11.28"]
[Source "www.chesslib.no"]
[SourceDate "2004.05.04"]

1. c4 e6 2. Nc3 f5 3. g3 Nf6 4. Bg2 Be7 5. d4 O-O 6. Nf3 d6 7. O-O Qe8 8. Qc2 Qh5 9. Bg5 c6 10. e4 e5 11. dxe5 dxe5 12. exf5 h6 13. Bxf6 Bxf6 14. Rfe1 Bxf5 15. Qb3 Nd7 16. Qxb7 e4 17. Nxe4 Bxe4 18. Rxe4 Nc5 19. Qxc6 Nxe4 20. Qxe4 Bxb2 21. Rb1 Rad8 22. h4 Bc3 23. Qe3 Qg6 24. Rb7 Rd3 25. Qe2 Qf5 26. Rb5 Qd7 27. Bh3 Qd8 28. Rd5 Rxd5 29. Be6+ Kh8 30. Bxd5 Qb6 31. Qd3 Be5 32. Kg2 Bd6 33. Qe2 Bc5 34. Qc2 a5 35. a4 Qb4 36. Kh3 Qb8 37. Kg2 Qe8 38. Qd3 Qe7 39. Qc2 Qa7 40. Qe2 Qd7 41. Ne5 Qf5 42. f4 Re8 43. Qb2 Bb4 44. h5 Rb8 45. g4 Qf6 46. Ng6+ Kh7 47. Qc2 1-0

[Event "EU Ch U18 Girls"]
[Site "Rimavska Sobota SVK"]
[Date "1996.??.??"]
[Round "5"]
[White "Javakhishvili, Eka"]
[Black "Zhurina, Elizaveta"]
[Result "1-0"]
[WhiteElo "2095"]
[BlackElo "2220"]
[PlyCount "147"]
[EventDate "1996.??.??"]
[Source "www.chesslib.no"]
[SourceDate "2004.05.04"]

1. d4 e6 2. Nf3 f5 3. g3 Nf6 4. Bg2 Be7 5. c4 d6 6. Nc3 O-O 7. O-O Qe8 8. Qc2 Qh5 9. b4 Nbd7 10. c5 Kh8 11. Nb5 Nd5 12. Bf4 dxc5 13. bxc5 c6 14. Nc7 Nxc7 15. Bxc7 e5 16. Nxe5 Nf6 17. Qc4 Ne4 18. g4 Qe8 19. Bxe4 fxe4 20. Qc2 Bxg4 21. Nxg4 Qd7 22. Qxe4 Qxc7 23. Ne5 Rad8 24. f4 Bf6 25. e3 Rd5 26. Rf3 g6 27. Rb1 Rdd8 28. Rh3 Kg7 29. Rg3 Kh8 30. Rg2 Rb8 31. Rgb2 Rfe8 32. Qd3 Re7 33. Nc4 Qd7 34. Ne5 Bxe5 35. fxe5 Rxe5 36. Rf2 Qd5 37. Rg2 Re4 38. Rg3 b5 39. cxb6 axb6 40. a4 c5 41. a5 c4 42. Qa3 b5 43. a6 Ree8 44. Qa5 Qc6 45. a7 Rb6 46. Rg5 c3 47. Ra1 Ra8 48. Rc5 Qe6 49. Qxc3 Qg4+ 50. Kf2 Rf6+ 51. Ke1 Qg1+ 52. Kd2 Qxh2+ 53. Kd3 Rff8 54. d5+ Kg8 55. Rc7 Qh6 56. d6 g5 57. Qb3+ Kh8 58. Qc3+ Kg8 59. Qb3+ Kh8 60. Qc3+ Kg8 61. Qe5 Rfd8 62. Qd5+ Kh8 63. Rh1 Qg6+ 64. e4 h6 65. d7 Qa6 66. Qxg5 b4+ 67. Kd2 Qa2+ 68. Ke3 Qb3+ 69. Ke2 Qb2+ 70. Qd2 Qg7 71. Qxh6+ Qxh6 72. Rxh6+ Kg7 73. Rhc6 b3 74. Rb6 1-0

[Event "sen.Olympide 2004 -Senioren-"]
[Site "?"]
[Date "2004.10.13"]
[Round "2"]
[White "Planas Ferret Rossen"]
[Black "Sanz Bastos Fernando"]
[Result "1/2-1/2"]
[WhiteElo "2241"]
[BlackElo "2062"]
[PlyCount "74"]
[EventDate "2004.??.??"]
[Source "www.chesslib.no"]
[SourceDate "2004.05.04"]

1. d4 f5 2. g3 Nf6 3. Bg2 e6 4. Nf3 Be7 5. c4 d6 6. O-O O-O 7. Nc3 Qe8 8. Qc2 Qh5 9. b4 Nbd7 10. c5 e5 11. dxe5 dxe5 12. Nb5 c6 13. Nc7 Rb8 14. Bb2 e4 15. Nd4 Ne8 16. Nce6 Rf7 17. Qb3 Ndf6 18. Bc1 Nd5 19. Nf4 Nxf4 20. Bxf4 Ra8 21. Rad1 Nf6 22. f3 Qg6 23. Be5 Nd5 24. fxe4 fxe4 25. Rxf7 Kxf7 26. Bf4 Be6 27. Nxe6 Qxe6 28. Bc1 Bf6 29. Qc4 Re8 30. b5 Nc3 31. Rd7+ Re7 32. Qxe6+ Kxe6 33. Bh3+ Kf7 34. bxc6 bxc6 35. Rd2 Bg5 36. Rc2 Nxe2+ 37. Rxe2 Bxc1 1/2-1/2

[Event "IV Copa Itau, Sao Paulo BRA"]
[Site "?"]
[Date "2000.??.??"]
[Round "2"]
[White "Blank Goncalves, E."]
[Black "Suzuki, H."]
[Result "1-0"]
[WhiteElo "2175"]
[BlackElo "2125"]
[PlyCount "93"]
[EventDate "2000.??.??"]
[Source "www.chesslib.no"]
[SourceDate "2004.05.04"]

1. d4 e6 2. c4 f5 3. Nf3 d6 4. Nc3 Be7 5. g3 Nf6 6. Qc2 O-O 7. Bg2 Qe8 8. O-O Bd8 9. e4 fxe4 10. Nxe4 Nxe4 11. Qxe4 Nd7 12. Bd2 Nf6 13. Qc2 Rb8 14. Rae1 Bd7 15. b3 Qh5 16. Ng5 Ng4 17. h4 Bxg5 18. Bxg5 h6 19. Bc1 Nf6 20. Qc3 g5 21. Bf3 Qg6 22. hxg5 hxg5 23. Qe3 g4 24. Bg2 Kg7 25. Qg5 Rh8 26. Qxg6+ Kxg6 27. a4 Rh5 28. f4 Rbh8 29. d5 exd5 30. cxd5 Bf5 31. Bb2 R8h7 32. Re3 Rh2 33. Rf2 Nd7 34. b4 Nb6 35. Re8 c6 36. Rg8+ Kf7 37. Rg5 R2h5 38. dxc6 bxc6 39. Bxc6 d5 40. Rxh5 Rxh5 41. Rh2 Rxh2 42. Kxh2 Ke6 43. a5 Nc4 44. Bd4 Kd6 45. Bb7 Na3 46. Be5+ Ke6 47. Bc8+ 1-0

[Event "Tchigorine (memorial)"]
[Site "?"]
[Date "2004.10.24"]
[Round "9.74"]
[White "Shimanov Aleksandr"]
[Black "Yakovlev Yuri S"]
[Result "1-0"]
[WhiteElo "2234"]
[BlackElo "2066"]
[PlyCount "53"]
[EventDate "2004.??.??"]
[Source "www.chesslib.no"]
[SourceDate "2004.05.04"]

1. d4 f5 2. g3 e6 3. Bg2 Nf6 4. c4 Be7 5. Nf3 d6 6. Nc3 O-O 7. O-O Qe8 8. Qc2 Nc6 9. a3 Qh5 10. Bf4 e5 11. dxe5 Ng4 12. h3 Ngxe5 13. Nd5 Bd8 14. h4 h6 15. Qc3 Nf7 16. Be3 g5 17. hxg5 Nxg5 18. Nxg5 hxg5 19. f4 Qg6 20. fxg5 Qg7 21. Qb3 Bxg5 22. Bxg5 Qxg5 23. Nxc7 Rb8 24. c5+ Kg7 25. cxd6 Ne5 26. Qc3 Qf6 27. Rad1 1-0

[Event "Sevilla op"]
[Site "Sevilla"]
[Date "1999.??.??"]
[Round "4"]
[White "Hervas, J."]
[Black "Conde, A."]
[Result "1-0"]
[WhiteElo "2245"]
[BlackElo "2040"]
[PlyCount "75"]
[EventDate "1999.??.??"]
[Source "www.chesslib.no"]
[SourceDate "2004.05.04"]

1. d4 e6 2. c4 f5 3. g3 Nf6 4. Bg2 Be7 5. Nc3 O-O 6. Nf3 d6 7. O-O Qe8 8. Qc2 Nc6 9. e4 Qg6 10. exf5 exf5 11. Re1 Bd8 12. d5 Ne7 13. Nd4 Qg4 14. Ncb5 Ng6 15. h3 Qh5 16. c5 a6 17. cxd6 cxd6 18. Nxd6 f4 19. Nxc8 fxg3 20. fxg3 Kh8 21. Ne6 Rxc8 22. Qb3 Ba5 23. Rf1 Rf7 24. Bg5 b5 25. g4 Bb6+ 26. Be3 Bxe3+ 27. Qxe3 Qe5 28. Qxe5 Nxe5 29. Rae1 Nd3 30. Re3 Nxb2 31. g5 Nc4 32. Re2 a5 33. gxf6 gxf6 34. Ref2 Ne3 35. Rxf6 Rxf6 36. Rxf6 Nxg2 37. Kxg2 Rg8+ 38. Kf3 1-0

[Event "Bad Woerishofen op"]
[Site "Bad Woerishofen"]
[Date "2000.03.19"]
[Round "3"]
[White "Vossenkuhl, Joachim"]
[Black "Zickelbein, Eva Maria"]
[Result "1-0"]
[WhiteElo "2176"]
[BlackElo "2095"]
[PlyCount "49"]
[EventDate "2000.03.??"]
[Source "ChessBase"]
[SourceDate "2000.05.11"]

1. d4 e6 2. Nf3 f5 3. g3 Nf6 4. Bg2 Be7 5. O-O O-O 6. c4 d6 7. Nc3 Qe8 8. Qc2 Nc6 9. d5 Nb4 10. Qb3 a5 11. dxe6 Na6 12. Nd4 Nc5 13. Qc2 Ng4 14. h3 Ne5 15. Nd5 Qd8 16. Nxf5 Rxf5 17. Qxf5 Bxe6 18. Qc2 Bf8 19. b3 Qd7 20. Kh2 Re8 21. Bb2 c6 22. Nc3 Bf7 23. Rad1 Bg6 24. e4 h5 25. f4 1-0

[Event "Karvina (Czech Republic)"]
[Site "?"]
[Date "2003.??.??"]
[Round "6"]
[White "Mesiarik Rudolf"]
[Black "Bulava Petr"]
[Result "0-1"]
[WhiteElo "2169"]
[BlackElo "2094"]
[PlyCount "88"]
[EventDate "2003.??.??"]
[Source "www.chesslib.no"]
[SourceDate "2004.05.04"]

1. Nf3 e6 2. g3 f5 3. Bg2 Nf6 4. O-O Be7 5. c4 O-O 6. d4 d6 7. Nc3 Qe8 8. Qc2 Qh5 9. e4 e5 10. dxe5 dxe5 11. Nd5 Nxd5 12. cxd5 Bd6 13. exf5 Bxf5 14. Qb3 Nd7 15. Nh4 Nc5 16. Qe3 Bd3 17. Re1 e4 18. Qg5 Qxg5 19. Bxg5 h6 20. Be3 g5 21. b4 Nd7 22. Nf5 Rxf5 23. Bh3 Rf7 24. Be6 Ne5 25. Rec1 Nf3+ 26. Kg2 Be5 27. a4 Bxa1 28. Rxc7 Ne5 29. Rxb7 Kg7 30. Bxf7 Nxf7 31. b5 Kf6 32. Bxa7 Nd6 33. Rd7 Nc8 34. b6 Nxa7 35. Rxa7 Rb8 36. a5 Ke5 37. Rh7 Kxd5 38. Rxh6 Be2 39. h3 Bf3+ 40. Kh2 Rc8 41. Rg6 Rc1 42. Rxg5+ Be5 43. Rxe5+ Kxe5 44. g4 Kf4 0-1

[Event "Regionalliga SO 9596"]
[Site "Bayern"]
[Date "1996.??.??"]
[Round "?"]
[White "Moldawskij, Alexander"]
[Black "Schweiger, Georg"]
[Result "1/2-1/2"]
[WhiteElo "2005"]
[BlackElo "2245"]
[PlyCount "51"]
[EventDate "1995.10.??"]
[Source "www.chesslib.no"]
[SourceDate "2004.05.04"]

1. c4 f5 2. d4 e6 3. g3 Nf6 4. Bg2 Be7 5. Nc3 O-O 6. Nf3 d6 7. O-O Qe8 8. Qc2 Qh5 9. e3 a5 10. Qe2 Na6 11. Ne1 Qxe2 12. Nxe2 c6 13. Nd3 Bd7 14. Bd2 Nc7 15. Rfc1 Ne4 16. Be1 g5 17. f3 Nf6 18. Nc3 g4 19. Na4 Ra6 20. f4 c5 21. Nc3 b6 22. b3 Rb8 23. Bf2 Bc8 24. Re1 Bb7 25. Rad1 Be4 26. Nxe4 1/2-1/2

[Event "CZE-chT2b 0001"]
[Site "?"]
[Date "2001.??.??"]
[Round "?"]
[White "Zemanek Ivo"]
[Black "Urbanek Stepan"]
[Result "1/2-1/2"]
[WhiteElo "2130"]
[BlackElo "2120"]
[PlyCount "132"]
[EventDate "2001.??.??"]
[Source "www.chesslib.no"]
[SourceDate "2004.05.04"]

1. Nf3 e6 2. c4 f5 3. Nc3 Nf6 4. g3 d6 5. Bg2 Be7 6. d4 O-O 7. Qc2 Qe8 8. O-O Bd8 9. e4 fxe4 10. Nxe4 Nxe4 11. Qxe4 Nd7 12. Bd2 Nf6 13. Qe2 c6 14. Rae1 Bc7 15. Bc3 Bd7 16. Ng5 Qg6 17. f4 Kh8 18. Qd2 Rae8 19. Re2 Bb6 20. Kh1 d5 21. b3 h6 22. Nf3 Bc7 23. Bb4 Rf7 24. Ne5 Bxe5 25. Rxe5 b6 26. Rfe1 Ne4 27. Qe3 Nf6 28. h3 Rc8 29. Kh2 a5 30. Ba3 Ra8 31. Bf1 Qc2+ 32. Re2 Qb1 33. Rf2 Ne4 34. Bd3 Qd1 35. Bxe4 dxe4 36. Rd2 Qf1 37. Qxe4 a4 38. Qd3 Qxd3 39. Rxd3 axb3 40. Rxb3 g5 41. fxg5 hxg5 42. Rxg5 Rf2+ 43. Kg1 Rd2 44. d5 cxd5 45. cxd5 Kh7 46. dxe6 Bxe6 47. Re3 Bc4 48. Re4 Kh6 49. Rh4+ Kxg5 50. Bc1 b5 51. Bxd2+ Kg6 52. Rg4+ Kf5 53. Rf4+ Kg6 54. Rd4 Rxa2 55. Kf2 Ra3 56. h4 Rd3 57. Rxd3 Bxd3 58. Ke3 Bc2 59. g4 Bd1 60. Kf4 Be2 61. h5+ Kh7 62. Kg5 Bd1 63. Kh4 Be2 64. g5 Bd3 65. Kg3 Kg7 66. Bc3+ Kf7 1/2-1/2

[Event "JUG Ch women"]
[Site "Kladovo"]
[Date "1991.??.??"]
[Round "?"]
[White "Lazic, Marina"]
[Black "Medjedovic, Jadranka"]
[Result "0-1"]
[WhiteElo "2180"]
[BlackElo "2065"]
[PlyCount "90"]
[EventDate "1991.??.??"]
[Source "www.chesslib.no"]
[SourceDate "2004.05.04"]

1. d4 e6 2. c4 f5 3. g3 Nf6 4. Bg2 Be7 5. Nf3 O-O 6. Nc3 d6 7. O-O Qe8 8. Qc2 Bd8 9. e4 Nh5 10. exf5 exf5 11. Bg5 Nf6 12. Rfe1 Qh5 13. Bxf6 Bxf6 14. Nd5 Qf7 15. Re2 Nc6 16. Qd2 b6 17. Rae1 Rb8 18. b4 b5 19. Nxf6+ Qxf6 20. d5 Nd8 21. c5 f4 22. Re8 Rxe8 23. Rxe8+ Kf7 24. Re4 fxg3 25. fxg3 Kg8 26. Ng5 g6 27. Re8+ Kg7 28. Qe3 h6 29. Re7+ Kg8 30. Nh7 Qa1+ 31. Bf1 Nf7 32. Qf2 Bf5 33. g4 Kxh7 34. gxf5 Qf6 35. fxg6+ Qxg6+ 36. Qg3 Qf6 37. Bd3+ Kh8 38. Qf2 Rg8+ 39. Kh1 Qxe7 40. Bxb5 Qg5 41. h4 Qxd5+ 42. Kh2 Qe5+ 43. Kh3 Qe6+ 44. Kh2 Ne5 45. Qf4 Qxa2+ 0-1

[Event "Villa del Parque ITT Villa del Parque"]
[Site "?"]
[Date "1998.??.02"]
[Round "3"]
[White "Hlinka, Vasil"]
[Black "Westerinen Heikki M, J."]
[Result "1/2-1/2"]
[WhiteElo "2075"]
[BlackElo "2150"]
[PlyCount "60"]
[EventDate "1998.??.??"]
[Source "www.chesslib.no"]
[SourceDate "2004.05.04"]

1. c4 f5 2. Nc3 Nf6 3. d4 e6 4. Nf3 Be7 5. g3 O-O 6. Bg2 d6 7. O-O Qe8 8. Qc2 Qh5 9. b3 e5 10. dxe5 dxe5 11. Nxe5 Bd6 12. Nd3 c6 13. Bf4 Be7 14. h4 Nbd7 15. Rad1 h6 16. Bf3 Qg6 17. b4 Ne4 18. h5 Qe6 19. c5 Bf6 20. Nb1 Kh8 21. Na3 Re8 22. Nc4 Nc3 23. Nd6 Rg8 24. Rde1 Ne4 25. Qc4 Qxc4 26. Nxc4 Nf8 27. Nde5 Be6 28. Bxe4 fxe4 29. Nd6 Bxe5 30. Bxe5 Bh3 1/2-1/2

[Event "NZL-ch108 0010"]
[Site "NZL"]
[Date "2001.01.08"]
[Round "8"]
[White "Robinson, John"]
[Black "Metge, J Nigel"]
[Result "0-1"]
[WhiteElo "2065"]
[BlackElo "2152"]
[PlyCount "90"]
[EventDate "2000.12.??"]
[Source "ChessBase"]
[SourceDate "2001.01.11"]

1. Nf3 e6 2. g3 f5 3. Bg2 Nf6 4. O-O Be7 5. c4 O-O 6. d4 d6 7. Nc3 Qe8 8. Qc2 a5 9. e4 fxe4 10. Nxe4 Nc6 11. Re1 Qh5 12. Nxf6+ Bxf6 13. Be3 e5 14. dxe5 dxe5 15. Nd2 Bh3 16. Ne4 Rad8 17. Nxf6+ Rxf6 18. Bxh3 Qxh3 19. Qe4 Rfd6 20. a3 Qh5 21. b4 Qg6 22. Qxg6 Rxg6 23. b5 Nd4 24. Bxd4 Rxd4 25. c5 Rd5 26. Rac1 Rg4 27. Kg2 Kf7 28. Kf3 Rgd4 29. Rc3 Ke6 30. Re4 Rd1 31. a4 Ra1 32. Kg4 Rd4 33. Rc4 Kd5 34. Rcxd4+ exd4 35. Re7 Kxc5 36. Rxc7+ Kd6 37. Rc8 Rxa4 38. Kf3 Rb4 39. Ke4 Rxb5 40. Kxd4 Rb4+ 41. Kc3 b5 42. Rg8 Rc4+ 43. Kb3 a4+ 44. Ka3 Rc3+ 45. Kb2 Rf3 0-1

[Event "BL9495 women"]
[Site "GER"]
[Date "1995.??.??"]
[Round "202"]
[White "Seils, Gudula"]
[Black "Just, Anita"]
[Result "1-0"]
[WhiteElo "2070"]
[BlackElo "2135"]
[PlyCount "71"]
[EventDate "1994.10.??"]
[Source "www.chesslib.no"]
[SourceDate "2004.05.04"]

1. c4 e6 2. Nc3 f5 3. g3 Nf6 4. Bg2 Be7 5. Nf3 O-O 6. O-O Qe8 7. d4 d6 8. Qc2 Nbd7 9. e4 fxe4 10. Ng5 Bd8 11. Ncxe4 h6 12. Nxf6+ Nxf6 13. Nf3 Qh5 14. Re1 Ng4 15. h3 Nf6 16. Bd2 Nh7 17. Qb3 Kh8 18. c5 a5 19. Rac1 Bf6 20. Bf4 g5 21. g4 Qg6 22. Bg3 e5 23. dxe5 dxe5 24. Nxe5 Qg7 25. Qc2 Bxe5 26. Rxe5 Nf6 27. Rce1 Bd7 28. Bxb7 Rab8 29. Bg2 Rf7 30. c6 Be8 31. Re6 Rf8 32. Be5 Bg6 33. Qc3 Rbe8 34. Bxf6 Rxf6 35. Rxe8+ Bxe8 36. Rxe8+ 1-0

[Event "Corr"]
[Site "?"]
[Date "2000.??.??"]
[Round "?"]
[White "Picard Jean"]
[Black "Cesbron Guy"]
[Result "0-1"]
[WhiteElo "2074"]
[BlackElo "2129"]
[PlyCount "62"]
[EventDate "2000.??.??"]
[Source "www.chesslib.no"]
[SourceDate "2004.05.04"]

1. d4 e6 2. Nf3 f5 3. g3 Nf6 4. Bg2 Be7 5. c4 d6 6. O-O O-O 7. Nc3 Qe8 8. Qc2 Qh5 9. Bg5 h6 10. Bf4 Nc6 11. Rad1 Nd8 12. b4 Nf7 13. b5 Ng5 14. h3 Nxh3+ 15. Bxh3 Qxh3 16. Nh2 b6 17. Rd3 Bb7 18. d5 Qh5 19. Bd2 e5 20. Rd1 Ng4 21. Nxg4 Qxg4 22. e4 f4 23. Rc1 f3 24. Qd1 h5 25. Qf1 h4 26. Be1 Rf6 27. Rc2 Rh6 28. Nd1 Qxe4 29. Nc3 Qg6 30. Nd1 Rf8 31. Rdc3 Bc8 0-1

[Event "Corr"]
[Site "?"]
[Date "2002.10.13"]
[Round "?"]
[White "Epiney Flo"]
[Black "Blom Erik"]
[Result "1-0"]
[WhiteElo "2116"]
[BlackElo "2070"]
[PlyCount "67"]
[EventDate "2002.??.??"]
[Source "www.chesslib.no"]
[SourceDate "2004.05.04"]

1. Nf3 f5 2. d4 Nf6 3. c4 e6 4. g3 Be7 5. Bg2 O-O 6. O-O d6 7. Nc3 Qe8 8. Qc2 a5 9. Bd2 Nc6 10. a3 Qh5 11. Rae1 Bd8 12. d5 Ne5 13. Nxe5 dxe5 14. e4 exd5 15. exd5 Ra6 16. Qd1 Ng4 17. h3 f4 18. Re4 Rg6 19. Rfe1 b6 20. Rxe5 Qxe5 21. Rxe5 Nxe5 22. Bxf4 Nxc4 23. Be4 Bf5 24. Qe2 Bxe4 25. Nxe4 Rxf4 26. Qxc4 Kh8 27. Kg2 Rf8 28. h4 Rh6 29. f4 Rg6 30. d6 Rxd6 31. Nxd6 cxd6 32. Qd5 Be7 33. Qe6 Bd8 34. Qxd6 1-0

[Event "AUT-chT2M 9899"]
[Site "Austria"]
[Date "1999.01.23"]
[Round "6"]
[White "Nagl, Franz"]
[Black "Spiesberger, Gerhard"]
[Result "1/2-1/2"]
[WhiteElo "2210"]
[BlackElo "1956"]
[PlyCount "72"]
[EventDate "1998.11.??"]
[Source "www.chesslib.no"]
[SourceDate "2004.05.04"]

1. d4 e6 2. c4 f5 3. g3 Nf6 4. Nc3 d6 5. Nf3 Be7 6. Bg2 O-O 7. O-O Qe8 8. Qc2 Nc6 9. a3 Bd8 10. d5 Ne5 11. b3 Nxf3+ 12. exf3 e5 13. f4 exf4 14. Bxf4 Nh5 15. Rae1 Qf7 16. Bc1 f4 17. Be4 Nf6 18. Bf5 Qh5 19. Bxc8 Rxc8 20. Bxf4 Nd7 21. f3 Bf6 22. Kg2 Bxc3 23. Qxc3 Qg6 24. Re6 Rf6 25. Rfe1 Rcf8 26. Qe3 Nc5 27. Rxf6 Rxf6 28. Bg5 Rf8 29. b4 Nd3 30. Qe6+ Qxe6 31. Rxe6 Ne5 32. c5 Nxf3 33. Be7 Nd4 34. Re4 Re8 35. Rxd4 Rxe7 36. Kf3 Re5 1/2-1/2

[Event "BL 9596 women"]
[Site "GER"]
[Date "1996.??.??"]
[Round "?"]
[White "Glaser, Andrea"]
[Black "Just, Anita"]
[Result "1/2-1/2"]
[WhiteElo "2015"]
[BlackElo "2135"]
[PlyCount "147"]
[EventDate "1995.10.??"]
[Source "www.chesslib.no"]
[SourceDate "2004.05.04"]

1. d4 e6 2. Nf3 f5 3. g3 Nf6 4. Bg2 Be7 5. O-O O-O 6. c4 d6 7. Nc3 Qe8 8. Qc2 Qg6 9. d5 Ng4 10. h3 Nh6 11. dxe6 Bxe6 12. Nd5 Bxd5 13. cxd5 c5 14. dxc6 Nxc6 15. Qb3+ Qf7 16. Qxb7 Rac8 17. Bf4 Bf6 18. Qb5 Rfd8 19. Ng5 Qe8 20. Bd5+ Kh8 21. Rfd1 Nd4 22. Qxe8+ Rxe8 23. Be3 Nc2 24. Nf7+ Nxf7 25. Bxf7 Rf8 26. Be6 Rce8 27. Bd7 Rd8 28. Be6 Nxa1 29. Rxa1 Rb8 30. Bb3 Bxb2 31. Rd1 Be5 32. Bxa7 Rb7 33. Be3 Rd8 34. Rd5 g6 35. Bg5 Rdd7 36. f4 Bg7 37. Ba4 Rb1+ 38. Kf2 Ra7 39. Bb3 Ra6 40. Be7 Rb6 41. Bxd6 Bf6 42. Bf8 Rb8 43. Bd6 Re8 44. Rd2 Rb2 45. Rxb2 Bxb2 46. Bc5 Kg7 47. Kf3 Kf6 48. Bd5 Rc8 49. Bb4 Rb8 50. Bd2 Bd4 51. Bb3 Re8 52. Bd5 Re7 53. e3 Bb2 54. e4 fxe4+ 55. Bxe4 Ra7 56. Bd5 Ra4 57. Be3 Bc3 58. Bb3 Ra6 59. Bc4 Rd6 60. Bb3 Be1 61. g4 Bd2 62. Bxd2 Rxd2 63. Bg8 Rd3+ 64. Kg2 Rd7 65. Kf3 Kg7 66. Be6 Rd3+ 67. Kg2 Re3 68. Bd7 Re2+ 69. Kf3 Rxa2 70. g5 Rd2 71. Be6 Rd4 72. f5 gxf5 73. Bxf5 Rc4 74. Kg3 1/2-1/2

[Event "Rowy/Polen (17.06.-25.06)"]
[Site "?"]
[Date "2003.06.18"]
[Round "2.2"]
[White "Scheide Helmut"]
[Black "Krasowski Slawomir"]
[Result "1-0"]
[WhiteElo "2004"]
[BlackElo "2144"]
[PlyCount "37"]
[EventDate "2003.??.??"]
[Source "www.chesslib.no"]
[SourceDate "2004.05.04"]

1. d4 e6 2. c4 f5 3. Nf3 Nf6 4. Nc3 d6 5. g3 Be7 6. Bg2 O-O 7. O-O Qe8 8. Qc2 Nc6 9. Nb5 Bd8 10. d5 exd5 11. cxd5 Nb4 12. Qc4 Na6 13. Bg5 Bd7 14. Nbd4 b5 15. Qc1 Nxd5 16. Nh4 Qf7 17. Bxd8 Raxd8 18. Nc6 Ra8 19. Bxd5 1-0